Szczegóły MARC21

Studia Linguistica Universitatis Iagellonicae Cracoviensis.

001 -Numer kontrolny rekordu [,]
    • @
    • pole kontrolne
    • zz2007964573
005 -Data i czas ostatniej zmiany [,]
    • @
    • Data ostatniej zmiany
    • 20260413134707.0
022 -Międzynarodowy Znormalizowany Numer Wydawnictwa Ciągłego - ISSN [ , ]
    • a
    • International Standard Serial Number
    • 1897-1059
035 -Inne numery kontrolne [ , ]
    • a
    • Numer kontrolny
    • (OCoLC)169991518
040 -Instytucja sporządzająca opis [ , ]
    • a
    • Instytucja, która sporządziła opis (NP)
    • KR U/MBK
    • c
    • Instytucja, która sporządziła rekord (NP)
    • KR U/MBK
    • d
    • Instytucja, która zmodyfikowała rekord (P)
    • KR U/MBK
    • d
    • Instytucja, która zmodyfikowała rekord (P)
    • KR U/MBKs
    • d
    • Instytucja, która zmodyfikowała rekord (P)
    • KIEL 010/ES
    • d
    • Instytucja, która zmodyfikowała rekord (P)
    • WR O/MK
    • d
    • Instytucja, która zmodyfikowała rekord (P)
    • KR U/SM
041 -Język dokumentu [0, ]
    • a
    • Język tekstu (P)
    • polski
    • a
    • Język tekstu (P)
    • angielski
    • b
    • Język streszczeń(P)
    • angielski
    • b
    • Język streszczeń(P)
    • francuski
    • b
    • Język streszczeń(P)
    • niemiecki
    • b
    • Język streszczeń(P)
    • polski
    • b
    • Język streszczeń(P)
    • rosyjski
942 -Rodzaj dokumentu [ , ]
    • c
    • Rodzaj dokumentu
    • Wydaw. ciągłe w tym czasopisma
998 -Inne dane NUKAT [ , ]
    • a
    • Numer systemowy
    • vtls000876676
210 -Skrót tytułu [1, ]
    • a
    • Skrót tytułu
    • Stud. Linguist. Univ. Iagell. Crac.
222 -Tytuł kluczowy [ ,0]
    • a
    • Tytuł kluczowy
    • Studia Linguistica Universitatis Iagellonicae Cracoviensis
245 -Strefa tytułu i oznaczenia odpowiedzialności [0,0]
    • a
    • Tytuł
    • Studia Linguistica Universitatis Iagellonicae Cracoviensis.
260 -Strefa adresu wydawniczego [ , ]
    • a
    • Miejsce wydania (P)
    • Kraków :
    • b
    • Nazwa wydawcy (P)
    • Wydawnictwo UJ,
    • c
    • Data wydania (P)
    • 2006-.
830 -Hasło dodatkowe serii i opisu książki wielotomowej - tytuł ujednolicony/tytuł [ ,0]
    • a
    • Tytuł ujednolicony/tytuł (NP)
    • Zeszyty Naukowe Uniwersytetu Jagiellońskiego
    • x
    • ISSN
    • 0860-0139
300 -Strefa opisu fizycznego [ , ]
    • c
    • Format (NP)
    • 24 cm.
310 -Częstotliwość [ , ]
    • a
    • Częstotliwość
    • Rocz.
336 -Typ zawartości [ , ]
    • a
    • Termin opisujący typ zawartości
    • Tekst
    • b
    • Typ/rodzaj nośnika
    • txt
    • 2
    • Źródło (termin i kod)
    • rdacontent
337 -Typ mediów [ , ]
    • a
    • Tryb odtwarzania
    • Bez urządzenia pośredniczącego
    • b
    • Kod typu mediów
    • n
    • 2
    • Źródło (termin i kod)
    • rdamedia
338 -Typ/rodzaj nośnika [ , ]
    • a
    • Hasło opisujące typ nośnika
    • Wolumin
    • b
    • Kod typu nośnika
    • nc
    • 2
    • Źródło (termin i kod)
    • rdacarrier
362 -Strefa numeracji [0, ]
    • a
    • Strefa numeracji
    • 123 (2006)-.
490 -Strefa serii i książki wielotomowej - forma nie do wyszukiwania [1, ]
    • a
    • Tytuł (P)
    • Zeszyty Naukowe Uniwersytetu Jagiellońskiego
500 -Uwaga ogólna [ , ]
    • a
    • Uwaga ogólna (NP)
    • Dokument online na stronie Wydziału Filologicznego UJ.
530 -Uwaga dot. innej postaci fizycznej dokumentu [ , ]
    • a
    • Uwaga dot. innej postaci fizycznej dokumentu
    • Dostępne również online.
536 -Uwaga dot. finansowania książki [ , ]
    • a
    • Tekst uwagi
    • Książka dofinansowana przez UJ ze środków Wydziału Filologicznego
546 -Uwaga dot. języka [ , ]
    • a
    • Uwaga dot. języka
    • Tekst pol. i ang., streszcz. ang., fr., niem., pol., ros.
650 -Hasło przedmiotowe - nazwa pospolita [ ,7]
    • a
    • Hasło przedmiotowe
    • Językoznawstwo
650 -Hasło przedmiotowe - nazwa pospolita [ ,7]
    • a
    • Hasło przedmiotowe
    • Językoznawstwo
655 -INDEX TERM--GENRE/FORM [ ,7]
    • a
    • Genre/form data or focus term
    • Czasopismo filologiczne
655 -INDEX TERM--GENRE/FORM [ ,7]
    • a
    • Genre/form data or focus term
    • Czasopismo naukowe
655 -INDEX TERM--GENRE/FORM [ ,7]
    • a
    • Genre/form data or focus term
    • Czasopismo polskie
710 -Hasło dodatkowe - nazwa ciała zbiorowego [2, ]
    • a
    • Nazwa ciała zbiorowego lub nazwa geograficzna jako pierwszy element (NP)
    • Uniwersytet Jagielloński.
710 -Hasło dodatkowe - nazwa ciała zbiorowego [2, ]
    • a
    • Nazwa ciała zbiorowego lub nazwa geograficzna jako pierwszy element (NP)
    • Uniwersytet Jagielloński.
    • b
    • Nazwa jednostki podrzędnej (P)
    • Wydział Filologiczny.
710 -Hasło dodatkowe - nazwa ciała zbiorowego [2, ]
    • a
    • Nazwa ciała zbiorowego lub nazwa geograficzna jako pierwszy element (NP)
    • Uniwersytet Jagielloński.
    • b
    • Nazwa jednostki podrzędnej (P)
    • Wydawnictwo.
    • 4
    • Określenie rodzaju współpracy
    • pbl
780 -Tytuł poprzedni wydawnictwa [0,0]
    • t
    • Title
    • Zeszyty Naukowe Uniwersytetu Jagiellońskiego. Prace Językoznawcze
    • g
    • Relationship information
    • z.3-122 (1960-2005)
    • x
    • International Standard Serial Number
    • 0083-4378
    • w
    • Record control number
    • (NUKAT)cc95204289
856 -Lokalizacja i sposób dostępu do dokumentu elektronicznego [4,1]
    • u
    • URI
    • http://www.filg.uj.edu.pl/studia-linguistica-universitatis-jagellonicae-cracoviensis
    • z
    • Uwaga
    • Wymagany Acrobat Reader
866 -Niesformalizowane zestawienie zasobów [ , ]
    • 1
    • Numer porządkowy egz.
    • 1
    • 8
    • Numer przyłączenia i sekwencyjny
    • 0
    • a
    • Niesformalizowane zestawienie zasobów
    • 127 (2010)
866 -Niesformalizowane zestawienie zasobów [ , ]
    • 1
    • Numer porządkowy egz.
    • 2
    • 8
    • Numer przyłączenia i sekwencyjny
    • 0
    • a
    • Niesformalizowane zestawienie zasobów
    • 128 (2011)
866 -Niesformalizowane zestawienie zasobów [ , ]
    • 1
    • Numer porządkowy egz.
    • 3
    • 8
    • Numer przyłączenia i sekwencyjny
    • 0
    • a
    • Niesformalizowane zestawienie zasobów
    • 129 (2012)
866 -Niesformalizowane zestawienie zasobów [ , ]
    • 1
    • Numer porządkowy egz.
    • 4
    • 8
    • Numer przyłączenia i sekwencyjny
    • 0
    • a
    • Niesformalizowane zestawienie zasobów
    • 134 (2017)
852 -Numer inwentarzowy [ , ]
    • 1
    • Numer porządkowy egz.
    • 1
    • 8
    • Numer przyłączenia i sekwencyjny
    • 1
    • a
    • Lokalizacja siglum biblioteki
    • SZCZ U
    • b
    • Lokalizacja wewnątrz biblioteki
    • 32
    • j
    • Sygnatura
    • Cg.33788
852 -Numer inwentarzowy [ , ]
    • 1
    • Numer porządkowy egz.
    • 2
    • 8
    • Numer przyłączenia i sekwencyjny
    • 2
    • a
    • Lokalizacja siglum biblioteki
    • SZCZ U
    • b
    • Lokalizacja wewnątrz biblioteki
    • 32
    • j
    • Sygnatura
    • Cg.33788
852 -Numer inwentarzowy [ , ]
    • 1
    • Numer porządkowy egz.
    • 3
    • 8
    • Numer przyłączenia i sekwencyjny
    • 3
    • a
    • Lokalizacja siglum biblioteki
    • SZCZ U
    • b
    • Lokalizacja wewnątrz biblioteki
    • 32
    • j
    • Sygnatura
    • Cg.33788
852 -Numer inwentarzowy [ , ]
    • 1
    • Numer porządkowy egz.
    • 4
    • 8
    • Numer przyłączenia i sekwencyjny
    • 4
    • a
    • Lokalizacja siglum biblioteki
    • SZCZ U
    • b
    • Lokalizacja wewnątrz biblioteki
    • 32
    • j
    • Sygnatura
    • Cg.33788
952 -Egzemplarz [ , ]
    • p
    • Kod kreskowy
    • 2003000394887
    • a
    • Numer inwentarzowy
    • Cg.39488
    • c
    • Sygnatura
    • Cg.33788
    • d
    • Lokalizacja
    • BG Dział Udostępniania Biblioteka Główna
    • i
    • Nr tomu wydaw.cg
    • 127 (2010)
    • r
    • Cena
    • 30.00
    • v
    • Data wprowadzenia opisu
    • 2024-10-29
    • w
    • Data inwentaryzacji
    • 2024-10-29
    • y
    • Status udostępniania
    • Tylko na miejscu
    • z
    • Sposób nabycia
    • e
    • Akcesja
    • 24dc19/16
952 -Egzemplarz [ , ]
    • p
    • Kod kreskowy
    • 2003000394894
    • a
    • Numer inwentarzowy
    • Cg.39489
    • c
    • Sygnatura
    • Cg.33788
    • d
    • Lokalizacja
    • BG Dział Udostępniania Biblioteka Główna
    • i
    • Nr tomu wydaw.cg
    • 128 (2011)
    • r
    • Cena
    • 30.00
    • v
    • Data wprowadzenia opisu
    • 2024-10-29
    • w
    • Data inwentaryzacji
    • 2024-10-29
    • y
    • Status udostępniania
    • Tylko na miejscu
    • z
    • Sposób nabycia
    • e
    • Akcesja
    • 24dc19/17
952 -Egzemplarz [ , ]
    • p
    • Kod kreskowy
    • 2003000394900
    • a
    • Numer inwentarzowy
    • Cg.39490
    • c
    • Sygnatura
    • Cg.33788
    • d
    • Lokalizacja
    • BG Dział Udostępniania Biblioteka Główna
    • i
    • Nr tomu wydaw.cg
    • 134 (2017)
    • r
    • Cena
    • 30.00
    • v
    • Data wprowadzenia opisu
    • 2024-10-29
    • w
    • Data inwentaryzacji
    • 2024-10-29
    • y
    • Status udostępniania
    • Tylko na miejscu
    • z
    • Sposób nabycia
    • e
    • Akcesja
    • 24dc19/18
952 -Egzemplarz [ , ]
    • a
    • Numer inwentarzowy
    • Cg.34291
    • c
    • Sygnatura
    • Cg.33788
    • d
    • Lokalizacja
    • BG Dział Udostępniania Biblioteka Główna
    • i
    • Nr tomu wydaw.cg
    • 126 (2009)
    • p
    • Kod kreskowy
    • 2003000342918
    • r
    • Cena
    • 0.00
    • y
    • Status udostępniania
    • Tylko na miejscu
952 -Egzemplarz [ , ]
    • a
    • Numer inwentarzowy
    • Cg.33788
    • c
    • Sygnatura
    • Cg.33788
    • d
    • Lokalizacja
    • BG Dział Udostępniania Biblioteka Główna
    • i
    • Nr tomu wydaw.cg
    • 125 (2008)
    • p
    • Kod kreskowy
    • 2003000337884
    • r
    • Cena
    • 0.00
    • y
    • Status udostępniania
    • Tylko na miejscu